[Event "Pardubice Czech op-D 28th"]
[Site "Pardubice"]
[Date "2017.07.24"]
[Round "4"]
[White "Rychtecky, Pavel"]
[Black "Banasik, Tomasz"]
[Result "1-0"]
[WhiteElo "1643"]
[BlackElo "1325"]
[PlyCount "65"]
[EventDate "2017.07.22"]
[EventType "swiss"]
[EventRounds "9"]
[EventCountry "CZE"]
[SourceTitle "CBM 179 Extra"]
[Source "ChessBase"]
[SourceDate "2017.08.23"]
[SourceVersion "1"]
[SourceVersionDate "2017.08.23"]
[SourceQuality "1"]

1. e4 c5 2. Nf3 Nc6 3. d4 cxd4 4. Nxd4 a6 5. Nc3 e5 6. Nf5 d6 7. Bd3 g6 8. Ne3 Nf6 9. a3 Be6 10. Ncd5 Bxd5 11. Nxd5 Nxd5 12. exd5 Qa5+ 13. c3 Qxd5 14. 0-0 Be7 15. Qe2 b5 16. Be4 Qc5 17. Be3 Nd4 18. cxd4 exd4 19. Bxd4 Qxd4 20. Bc6+ Kf8 21. Bxa8 Bf6 22. Bb7 Qb6 23. Bd5 Kg7 24. Rac1 Qa7 25. g3 h5 26. h4 g5 27. hxg5 Bxg5 28. Rc3 h4 29. Kg2 Qd4 30. Rd3 Qf6 31. Rf3 Qd4 32. Rxf7+ Kg8 33. Qe8# 1-0